Introducción a las ciencias

Saved in:
Bibliographic Details
Format: Book
Language:Spanish
Published: Orlando Holt, Reinhart and Winston 2007
Series:Holt. Ciencias y Tecnología
Subjects:
Tags: Add Tag
No Tags, Be the first to tag this record!

MARC

LEADER 00000cam a2200000 a 4500
001 UCF8212
003 CL-VaPUC
008 130802e20070000us |||||||||||||||||spa|d
020 |a 9780030361319 
082 0 4 |a 372.3  |b INT  |2 21 
245 1 0 |a Introducción a las ciencias 
300 |a 130 p 
942 |c BK 
945 |d 20130802 12:08:00  |a dcastane 
260 |a Orlando  |b Holt, Reinhart and Winston  |c 2007 
650 0 |a Enseñanza de las ciencias  |9 331919 
650 0 |a Educación básica   |9 224933 
650 0 |a Métodos de enseñanza  |9 270413 
583 |a last modification  |c 20130802 12:08:00  |k Rodrigo Vera 
490 0 |a Holt. Ciencias y Tecnología 
999 |c 352847  |d 352845